00932 2200301 4500001002100000005001500021035002000036007000300056008004100059020002200100082001500122084001700137100003800154245006200192250003100254300004700285650005900332264003200391336002100423337003000444338002300474040002200497090002200519850001200541999002200553504003300575990002200608INLIS00000000088395820240219093523 a0010-0224000505ta240219s2023 yoia g | ind d a978-623-02-6849-604223a337.07 a337.07 NOV b0 aNovi Yanti Sandra DewiePengarang10aBuku ajar ekonomi internasional /cNovi Yanti Sandra Dewi aCetakan Pertama: Juli 2023 axii, 163 halaman :btabel, gambar ;c20 cm 4aHubungan ekonomi internasional--xStudi dan pengajaran31aSleman :bDeepublish,c2023 2rdacontentateks 2rdamediaatanpa perantara 2rdacarrieravolume aYOPDYOGbinderda aCB-D.11 2023-3433 aYOPDYOG aCB-D.11/2023-3433 aBibliografi: halaman 158-160 aCB-D.11/2023-3433